| 000 | 00829nam a22002177a 4500 | ||
|---|---|---|---|
| 003 | OSt | ||
| 005 | 20260112054933.0 | ||
| 008 | 260112b |||||||| |||| 00| 0 eng d | ||
| 020 | _a0-7817-5585-9. | ||
| 040 |
_aDWCL-Main lib. _cOC |
||
| 082 | _aCirc. 618.9201 C271 2005 | ||
| 100 | _aHertz, David E. | ||
| 245 |
_aCare of the newborn : _ba handbook for primary care/ _cDavid E. Hertz |
||
| 260 |
_aPa. : _bLippincott Williams & Wilkins, _cc2005. |
||
| 300 |
_axvii, 234 pages. : _b illustrations. ; _c23 centimeters. |
||
| 504 | _aIncludes bibliographical references and index. | ||
| 650 | _a1. Infants(Newborn)-Diseases-Handbooks, manuals, etc. | ||
| 650 | _a2. Infants(Newborn)-Medical care-Handbooks, manuals, etc. | ||
| 650 | _a3. Primary health care-Handbooks, manuals, etc. | ||
| 942 |
_2ddc _cBK-CIRC _hCirc. _n0 |
||
| 999 |
_c7286 _d7286 |
||